<?xml version="1.0" encoding="UTF-8"?><?xml-stylesheet type="text/xsl" href="static/style.xsl"?><OAI-PMH xmlns="http://www.openarchives.org/OAI/2.0/" xmlns:xsi="http://www.w3.org/2001/XMLSchema-instance" xsi:schemaLocation="http://www.openarchives.org/OAI/2.0/ http://www.openarchives.org/OAI/2.0/OAI-PMH.xsd"><responseDate>2026-04-17T06:34:13Z</responseDate><request verb="GetRecord" identifier="oai:www.recercat.cat:10459.1/59815" metadataPrefix="marc">https://recercat.cat/oai/request</request><GetRecord><record><header><identifier>oai:recercat.cat:10459.1/59815</identifier><datestamp>2024-12-05T23:10:46Z</datestamp><setSpec>com_2072_3622</setSpec><setSpec>col_2072_478537</setSpec></header><metadata><record xmlns="http://www.loc.gov/MARC21/slim" xmlns:dcterms="http://purl.org/dc/terms/" xmlns:xsi="http://www.w3.org/2001/XMLSchema-instance" xmlns:doc="http://www.lyncode.com/xoai" xsi:schemaLocation="http://www.loc.gov/MARC21/slim http://www.loc.gov/standards/marcxml/schema/MARC21slim.xsd">
   <leader>00925njm 22002777a 4500</leader>
   <datafield ind2=" " ind1=" " tag="042">
      <subfield code="a">dc</subfield>
   </datafield>
   <datafield ind2=" " ind1=" " tag="720">
      <subfield code="a">Otero, Ângela</subfield>
      <subfield code="e">author</subfield>
   </datafield>
   <datafield ind2=" " ind1=" " tag="260">
      <subfield code="c">2017-06-07T13:10:46Z</subfield>
   </datafield>
   <datafield ind2=" " ind1=" " tag="260">
      <subfield code="c">2017-06-07T13:10:46Z</subfield>
   </datafield>
   <datafield ind2=" " ind1=" " tag="260">
      <subfield code="c">2016</subfield>
   </datafield>
   <datafield ind2=" " ind1=" " tag="520">
      <subfield code="a">La polimetría, el uso de diferentes tipos de versos y estrofas en una misma composición&#xd;
&#xd;
poético-literaria, es uno de los principales rasgos que caracterizan el teatro español del&#xd;
&#xd;
Siglo de Oro. Lope de Vega, considerado el fundador del teatro nacional, fue el&#xd;
&#xd;
responsable de fijar las reglas que regirían el nuevo género dramático que se estaba&#xd;
&#xd;
gestando, la comedia, y de sistematizar el uso de los varios tipos de estrofas, asociándolas&#xd;
&#xd;
a ciertas situaciones dramáticas y ciertos tipos de elocución.&#xd;
&#xd;
Este estudio pretende acercarnos al complejo hecho de la polimetría en el teatro lopesco,&#xd;
&#xd;
indagando sobre sus orígenes y sus funciones a través de la lectura e interpretación de los&#xd;
&#xd;
estudios más relevantes sobre el tema y contando como punto de referencia con la teoría&#xd;
&#xd;
expuesta por Lope en el Arte Nuevo de hacer comedias (1609), obra en que el propio&#xd;
&#xd;
autor define y defiende su nueva fórmula teatral.</subfield>
   </datafield>
   <datafield ind1="8" ind2=" " tag="024">
      <subfield code="a">http://hdl.handle.net/10459.1/59815</subfield>
   </datafield>
   <datafield tag="653" ind2=" " ind1=" ">
      <subfield code="a">Versificació</subfield>
   </datafield>
   <datafield tag="653" ind2=" " ind1=" ">
      <subfield code="a">Teatre</subfield>
   </datafield>
   <datafield tag="653" ind2=" " ind1=" ">
      <subfield code="a">Eloqüència</subfield>
   </datafield>
   <datafield ind2="0" ind1="0" tag="245">
      <subfield code="a">La polimetría en el teatro de Lope de Vega: aproximación a sus orígenes y funciones</subfield>
   </datafield>
</record></metadata></record></GetRecord></OAI-PMH>